| 000 | 00330 a2200133 4500 | ||
|---|---|---|---|
| 999 |
_c324961 _d324961 |
||
| 001 | 89888 | ||
| 003 | NUST | ||
| 082 | _a808.0683 RUN | ||
| 100 |
_aRungeen Singh _99894 |
||
| 245 |
_aMughal Emperors _hEnglish |
||
| 260 |
_aNew Delhi _bYoung Learner Publications _c2012 |
||
| 300 | _a160p. | ||
| 500 | _aGeneral Books | ||
| 942 |
_aCAE NUST _cBK _k808.0683 RUN _2ddc |
||